| 000 | 01094nam a22002177a 4500 | ||
|---|---|---|---|
| 003 | BUBTL | ||
| 008 | 240206b ||||| |||| 00| 0 eng d | ||
| 020 | _a9845120067 | ||
| 082 | _a954.92/ Is41b/ 2007 | ||
| 245 |
_aবাংলাদেশের ইতিহাস ১৭০৪-১৯৭১ দ্বিতীয় খন্ড অর্থনৈতিক ইতিহাস / _cসিরাজুল ইসলাম |
||
| 250 | _a3rd ed | ||
| 260 |
_aঢাকা: _bবাংলাদেশ এশিয়াটিক সোসাইটি, _cc2007 |
||
| 300 |
_a630 p. : _c24.5 cm. |
||
| 500 | _aIncludes Index | ||
| 505 | _aবাংলাদেশের ইতিহাস, অর্থনৈতিক ইতিহাস, অর্থনৈতিক ইতিহাসের প্রেক্ষাপট, সাধারণ অর্থনৈতিক অবস্থা | ||
| 650 | 0 |
_91755 _aমুক্তিযুদ্ধ |
|
| 700 |
_95554 _aইসলাম, সিরাজুল |
||
| 856 |
_k0 _l0 _yDownload |
||
| 942 |
_2ddc _cBK |
||
| 999 |
_c7202 _d7202 |
||